[Event "RUS-chT2"]
[Site "Sochi"]
[Date "2018.05.03"]
[Round "3.7"]
[White "Mumdgan, Suren"]
[Black "Pogromsky, Mikhail"]
[Result "0-1"]
[WhiteElo "2116"]
[BlackElo "2416"]
[PlyCount "134"]
[EventDate "2018.05.01"]
[EventType "team-swiss"]
[EventRounds "9"]
[EventCountry "RUS"]
[SourceTitle "CBM 184 Extra"]
[Source "ChessBase"]
[SourceDate "2018.06.28"]
[SourceVersion "1"]
[SourceVersionDate "2018.06.28"]
[SourceQuality "1"]
[WhiteTeam "North Ossetia Alania"]
[BlackTeam "Sverdlovsk Region"]
[WhiteTeamCountry "RUS"]
[BlackTeamCountry "RUS"]

1. d4 Nf6 2. c4 e6 3. Nf3 b6 4. a3 Bb7 5. Nc3 Ne4 6. Qc2 Nxc3 7. Qxc3 Be7 8. g3 0-0 9. Bg2 c5 10. dxc5 bxc5 11. 0-0 Qb6 12. Rd1 h6 13. Qc2 Rd8 14. b3 a5 15. Bb2 d6 16. Bc3 Nd7 17. e4 Nf6 18. Nd2 Bc6 19. Rab1 Qb7 20. Re1 Nd7 21. h3 Bf6 22. Kh2 Bxc3 23. Qxc3 e5 24. h4 Nf8 25. b4 axb4 26. axb4 cxb4 27. Qxb4 Qxb4 28. Rxb4 Ra2 29. Rd1 Ne6 30. Kg1 Nc5 31. Nf3 f6 32. Rb6 Ra6 33. Rxa6 Nxa6 34. Nd2 Nc5 35. f3 Kf8 36. Nf1 Ne6 37. Ne3 Nd4 38. Kf2 Ra8 39. Rd2 h5 40. Bf1 g6 41. Be2 Ke7 42. Rb2 Ra3 43. Nc2 Nxc2 44. Rxc2 Kd7 45. Bf1 f5 46. Bg2 Ba4 47. Rb2 fxe4 48. fxe4 Bb3 49. Bf1 Kc6 50. Be2 Kc5 51. g4 hxg4 52. Bxg4 Bxc4 53. Rd2 Bd3 54. Bf3 Kd4 55. Rb2 Ra4 56. Rd2 d5 57. Bd1 Ra1 58. exd5 e4 59. Kg3 e3 60. Rxd3+ Kxd3 61. Bf3 e2 62. Bxe2+ Kxe2 63. Kf4 Ra6 64. Ke5 Kf3 65. d6 Kg4 66. d7 Ra8 67. Kf6 Kh5 0-1

[Event "RUS-chT blitz"]
[Site "Sochi"]
[Date "2017.10.05"]
[Round "3"]
[White "Pogromsky, Mikhail"]
[Black "Dubov, Daniil"]
[Result "0-1"]
[WhiteElo "2416"]
[BlackElo "2677"]
[PlyCount "68"]
[EventDate "2017.10.05"]
[EventType "team-swiss (blitz)"]
[EventRounds "15"]
[EventCountry "RUS"]
[SourceTitle "CBM 181 Extra"]
[Source "ChessBase"]
[SourceDate "2017.12.12"]
[SourceVersion "1"]
[SourceVersionDate "2017.12.12"]
[SourceQuality "1"]
[WhiteTeam "Sverdlovskaya Politechnik"]
[BlackTeam "Moscow Fighters for the Idea"]
[WhiteTeamCountry "RUS"]
[BlackTeamCountry "RUS"]

1. d4 e6 2. Nc3 d5 3. e4 Bb4 4. exd5 exd5 5. Bd3 c6 6. Qf3 Qf6 7. Qxf6 Nxf6 8. Nge2 0-0 9. a3 Ba5 10. Bd2 Bb6 11. f3 Nbd7 12. 0-0-0 Re8 13. Rde1 Nf8 14. Na4 Bc7 15. Ng3 Ne6 16. Ne2 b6 17. Nac3 Bd7 18. g4 a5 19. h4 b5 20. Nd1 c5 21. dxc5 Nxc5 22. Nd4 Nxd3+ 23. cxd3 Bb6 24. Nf5 h5 25. Bg5 hxg4 26. fxg4 Nxg4 27. Ne7+ Kh7 28. Nxd5 Bd4 29. Rxe8 Rxe8 30. Rf1 Be6 31. N5c3 b4 32. axb4 axb4 33. Ne4 Rc8+ 34. Kb1 Bb3 0-1

[Event "RUS-chT blitz"]
[Site "Sochi"]
[Date "2017.10.05"]
[Round "5"]
[White "Pogromsky, Mikhail"]
[Black "Grachev, Boris V"]
[Result "0-1"]
[WhiteElo "2416"]
[BlackElo "2645"]
[PlyCount "148"]
[EventDate "2017.10.05"]
[EventType "team-swiss (blitz)"]
[EventRounds "15"]
[EventCountry "RUS"]
[SourceTitle "CBM 181 Extra"]
[Source "ChessBase"]
[SourceDate "2017.12.12"]
[SourceVersion "1"]
[SourceVersionDate "2017.12.12"]
[SourceQuality "1"]
[WhiteTeam "Sverdlovskaya Politechnik"]
[BlackTeam "Legends of Moscow"]
[WhiteTeamCountry "RUS"]
[BlackTeamCountry "RUS"]

1. d4 d5 2. Nc3 Nf6 3. Bg5 e6 4. e4 dxe4 5. Nxe4 Nbd7 6. Nf3 h6 7. Bh4 Be7 8. Nxf6+ Nxf6 9. Bd3 c5 10. dxc5 Qa5+ 11. Qd2 Qxd2+ 12. Nxd2 Bxc5 13. 0-0 Bd7 14. Bg3 Bc6 15. a3 a5 16. Rfe1 0-0 17. Ne4 Nxe4 18. Bxe4 Bxe4 19. Rxe4 Rfd8 20. Bf4 Rac8 21. c3 g5 22. Be3 Bxe3 23. Rxe3 Rd2 24. Rb1 Rc5 25. Kf1 a4 26. Re2 Rd6 27. Ke1 Rcd5 28. Re4 b5 29. c4 bxc4 30. Rxc4 Re5+ 31. Kf1 Rd2 32. Re1 Rb5 33. Re2 Rd1+ 34. Re1 Rd2 35. Re2 Rd1+ 36. Re1 Rd3 37. Re2 Kg7 38. Rxa4 Rd1+ 39. Re1 Rxe1+ 40. Kxe1 Rxb2 41. h4 Ra2 42. hxg5 hxg5 43. g4 Kf6 44. Ra5 Kg6 45. Kf1 f5 46. gxf5+ exf5 47. Kg2 g4 48. Kg3 Rb2 49. Re5 Kg5 50. f4+ Kf6 51. Re3 Ra2 52. Rb3 Ke6 53. Re3+ Kf7 54. Kh4 Kf6 55. Kg3 Ra1 56. Rb3 Rg1+ 57. Kf2 Rh1 58. Kg2 Ra1 59. Kg3 Rh1 60. Rb6+ Kf7 61. Rb5 Ke6 62. Re5+ Kf6 63. Ra5 Rh3+ 64. Kg2 Rb3 65. Ra6+ Kf7 66. Ra5 Ke6 67. Re5+ Kf6 68. Ra5 Rf3 69. Ra4 Kg6 70. Kh2 Kh5 71. Kg2 Kh4 72. Rb4 Rg3+ 73. Kf2 Rxa3 74. Rb5 Rf3+ 0-1

[Event "RUS-chT blitz"]
[Site "Sochi"]
[Date "2017.10.05"]
[Round "10"]
[White "Pogromsky, Mikhail"]
[Black "Tsoi, Dmitry"]
[Result "1-0"]
[WhiteElo "2416"]
[BlackElo "2361"]
[PlyCount "61"]
[EventDate "2017.10.05"]
[EventType "team-swiss (blitz)"]
[EventRounds "15"]
[EventCountry "RUS"]
[SourceTitle "CBM 181 Extra"]
[Source "ChessBase"]
[SourceDate "2017.12.12"]
[SourceVersion "1"]
[SourceVersionDate "2017.12.12"]
[SourceQuality "1"]
[WhiteTeam "Sverdlovskaya Politechnik"]
[BlackTeam "Moscow Region IMBA"]
[WhiteTeamCountry "RUS"]
[BlackTeamCountry "RUS"]

1. d4 f5 2. Nc3 Nf6 3. Bg5 e6 4. e4 fxe4 5. Nxe4 Be7 6. Bxf6 Bxf6 7. Nxf6+ Qxf6 8. Nf3 0-0 9. Qd2 Nc6 10. 0-0-0 Qf4 11. Qe3 Nb4 12. Bc4 b5 13. Bb3 a5 14. Qxf4 Rxf4 15. a4 Bb7 16. axb5 a4 17. Bc4 Bxf3 18. gxf3 Rxf3 19. d5 exd5 20. Rxd5 Kh8 21. Rxd7 a3 22. bxa3 Rfxa3 23. Rhd1 h5 24. Rd8+ Rxd8 25. Rxd8+ Kh7 26. Kb2 Rf3 27. Rd2 c6 28. b6 c5 29. b7 Rf8 30. Rd6 Rb8 31. Rb6 1-0

[Event "RUS-chT blitz"]
[Site "Sochi"]
[Date "2017.10.05"]
[Round "8"]
[White "Tsvetkov, Andrey"]
[Black "Pogromsky, Mikhail"]
[Result "1-0"]
[WhiteElo "2218"]
[BlackElo "2416"]
[PlyCount "103"]
[EventDate "2017.10.05"]
[EventType "team-swiss (blitz)"]
[EventRounds "15"]
[EventCountry "RUS"]
[SourceTitle "CBM 181 Extra"]
[Source "ChessBase"]
[SourceDate "2017.12.12"]
[SourceVersion "1"]
[SourceVersionDate "2017.12.12"]
[SourceQuality "1"]
[WhiteTeam "Moscow Karpov School"]
[BlackTeam "Sverdlovskaya Politechnik"]
[WhiteTeamCountry "RUS"]
[BlackTeamCountry "RUS"]

1. d4 Nf6 2. c4 e6 3. Nc3 Bb4 4. e3 c6 5. Nge2 d5 6. a3 Bd6 7. g3 dxc4 8. Bg2 a6 9. 0-0 0-0 10. e4 e5 11. d5 cxd5 12. exd5 Bf5 13. Bg5 Nbd7 14. Rc1 b5 15. a4 Qb6 16. Be3 Bc5 17. Bxc5 Nxc5 18. Qd2 Nb3 19. Qg5 Nxc1 20. Rxc1 Bd3 21. Qxe5 b4 22. Na2 a5 23. Qd4 Rab8 24. Qxb6 Rxb6 25. Nd4 c3 26. bxc3 b3 27. Nxb3 Rxb3 28. c4 Rb1 29. Rxb1 Bxb1 30. Nc3 Bf5 31. c5 Rc8 32. c6 Ne8 33. Nb5 Kf8 34. d6 Rd8 35. d7 Bxd7 36. cxd7 Rxd7 37. Bc6 Rd3 38. Kf1 Nd6 39. Ke2 Rb3 40. Nxd6 Rb6 41. Nc4 Rxc6 42. Nxa5 Ra6 43. Nc4 Rxa4 44. Ne3 g5 45. h3 h5 46. Kf3 Ke7 47. Kg2 Ke6 48. Kf3 f5 49. Ke2 Ke5 50. Nf1 Ra3 51. Nd2 f4 52. Nc4+ 1-0